000 00458nam a22001337a 4500
005 20241112155507.0
008 241112b |||||||| |||| 00| 0 eng d
020 _a9781405771986
245 _aThe All England Law Reports 2012 Vol. 3
_c Editor, Widdicombe, Solicitor. Managing Editor;Rajani Rakesh, Barrister
260 _aLondon, United Kingdom
_bLexisNexis
_c2012
300 _axxvii,1414 pages
_c23.5 cm
650 _2Law Reports
_xEngland
942 _2lcc
_cBK
_n0
999 _c1084
_d1084